The Christian book of knowledge; vol. 2. (Record no. 1618)

000 -LEADER
fixed length control field 00626nam a2200193 a 4500
001 - CONTROL NUMBER
control field :::00017803$&:&@@
003 - CONTROL NUMBER IDENTIFIER
control field OkBaRHE
005 - DATE AND TIME OF LATEST TRANSACTION
control field 20100326171738.0
008 - FIXED-LENGTH DATA ELEMENTS--GENERAL INFORMATION
fixed length control field s1970 j 000 0 eng u
040 ## - CATALOGING SOURCE
Transcribing agency
100 1# - MAIN ENTRY--PERSONAL NAME
Personal name Norman, Don Cleveland,
245 14 - TITLE STATEMENT
Title The Christian book of knowledge; vol. 2.
260 ## - PUBLICATION, DISTRIBUTION, ETC. (IMPRINT)
Place of publication, distribution, etc Chicago, IL., :
Name of publisher, distributor, etc Consolidated Book Publishers
Date of publication, distribution, etc 1970
300 ## - PHYSICAL DESCRIPTION
Extent v. (1-3) : illus. ;
Dimensions 24 cm.
650 ## - SUBJECT ADDED ENTRY--TOPICAL TERM
Topical term or geographic name as entry element Bible
General subdivision Introductions
650 ## - SUBJECT ADDED ENTRY--TOPICAL TERM
Topical term or geographic name as entry element Bible Stories, English
942 ## - ADDED ENTRY ELEMENTS (KOHA)
Source of classification or shelving scheme
Koha item type Books
Copies
Barcode Date last seen Full call number Date acquired Lost status Permanent Location Koha item type Price effective from Shelving location Collection code Not for loan Withdrawn status Copy number Damaged status Source of classification or shelving scheme
178032018-02-16BS 550.2 .C472010-04-14 RHEMA Bible Training CollegeBooks2010-04-14General StacksReference  1